XI Roku 2004 wg Tygodnika "Piłka Nożna" (spoza Europy) - Statystyki

Ogólne statystyki
  • Ten quiz został rozwiązany 65 razy
  • Średni wynik to 7 z 11
Statystyki odpowiedzi
Pozycja Kraj Klub Zawodnik % Poprawnych
BR Brazylia Milan Dida
98%
N Kamerun Mallorca/Barcelona Samuel Eto'o
95%
ŚPO Brazylia Barcelona Ronaldinho
87%
PO Brazylia Milan Cafu
84%
ŚO WKS Arsenal Kolo Toure
84%
N Brazylia Inter Adriano
72%
LP Brazylia Bayern Ze Roberto
39%
ŚPD Brazylia Roma/Juventus Emerson
36%
LO Argentyna PSG/Man United Gabriel Heinze
30%
ŚO Argentyna Valencia Roberto Ayala
21%
PP Brazylia Roma Mancini
7%
Nie znaleziono quizów pasujących do podanych kryteriów
Rozkład punktacji
Procent ludzi z każdym wynikiem
Percentyl według liczby udzielonych odpowiedzi
Twoja historia wyników
Nie rozwiązałeś tego quizu